Petit Bac - Lettre R - Statistiques

Statistiques générales
  • Ce quiz a été pris 4 613 fois
  • Le résultat moyen est 8 sur 10
Statistiques - réponses
Catégories : Réponses en R % Correct
Prénom Rachel / Rachida / Rafaela / Rafaelle / Raissa / Renata / Romane / Rose / Rosine / Roxane / Ruth / Rafael / Raphael / Rafael / Rayan / Rayane / Remi / Remy / Robin / Romain / Ryan / Richard / Richarde / Ralph / Rodriguez / Rocky / Rosalie / Rosalia / Ranny / Randy / Romi / Romy / Roselyne / Roseline / Rosalinde / Rudy / Ruby / Robert / Remuald / Roger
98%
Animal Ragondin / Raie / Rainette / Râle / Rascasse / Rason / Rat / Rat musqué / Raton laveur / Ratufa / Rémora / Renard / Requin / Rhinocéros / Rennes / Ragondin / Rouge Gorge
98%
Pays République centrafricaine / République Dominicaine / République tchèque / Réunion / Roumanie / Royaume-Uni / Russie / Rwanda
96%
Objet Radiateur / Radio / Rame / Raquette / Rasoir / Rideau / Roller / Roue / Râpe / Râteau / Règle / Rouleau / Roulette / Robinet / Raclette / Rampe / Robot / Rail / Ruban / Ruche / Réveil / Radar / Râteau / Radeau / Rallonge / Rouge à lèvre / Routeur / Rapporteur / Râtelier / Rappe / Rubis / Rustine / Rétroviseur / Rose / Rapière / Ramequin / Rouage / Rocher / Roulotte / Rameur / Revolver / Roche / Raille / Rondin / Remorque / Rotor / Rabot / Ressort / Roman / Réacteur / Rondelle / Rayon / Raquette / Réfrigérateur / Rouet / Racloir / Rivet / Récipient / Relique / Rôtissoire / Ravier / Rehausseur / Réservoir / Rince doigt / Rond de serviette / Rondin de bois / Rasoir / Rocket / Revue / Rambarde / Ramassette / Respirateur
94%
Partie du corps Rachis / Radius / Rectum / Rein / Rétinaculum / Rétine / Rhinopharynx / Rhomboïde / Rocher / Rotule / Rate
87%
Fruit ou Légume Raisin / Ramboutan / Reine-claude / Radis / Rhubarbe / Romaine / Roquette / Rutabaga /
87%
Marque Renault / RMC Info / Rians / Rouy / Renault / Ricola / Rowenta / Rire Et Chansons / RTL 2 / RFM / Réa / Ricard / RATP / Ricoré / Rondelé / Roc / Rennie / Rhinofebral / Reebok / René Furterer / Rexona / Red Bull / Royal Canin / Radiance / Ray-Ban / Razer / RBC / RBS / Réfleximmo.com / Rekord / Relay / Réponse à tout ! / RFF / Richelet / Rivéa / Rivella / RMC / Roady / Roche Bobois / Roche-Posay / Roger Cavaillès / Roger & Gallet / Role Playing Game / Rolex / Rossignol / RTC / RTL / RTM / RVM / Ryser / Rimac / Rivian / Rolls Royce / Reebok / Red Giant / Riot / Rexona / Ravensburger / Richemont / Rimmel / Riot games / Royal Canin / Rhinoshield / Rakuten / Rivaldi / Range Rover / Rolex / Revlon
78%
Sport Raffa volo / Rafting / Ragga / Raid / Rallycross / Rallye / Randonnée / Rink hockey / Rock / Rodéo / Roller / Roller Derby / Rugby / Rugby subaquatique / Rumba
74%
Métier Rabbin / Radiologue / Raffineur / Ramoneur / Rappeur / Réalisateur / Réceptionniste / Rédacteur / Rééducateur / Régisseur / Régulateur / Responsable / Restaurateur / Rudologue / Roboticien / Reporter
70%
Vêtement rabat / raffuster / raglan / rashguard / redingote / régate / riquimpette / robe / roque / roulière / roupane / roupe / Ras du cou / Ranger / Resille / Ruban
63%
Aucun quiz correspondant
Distribution des résultats
% des personnes avec chaque résultat
Percentile par nombre de réponses
Votre historique - résultats
Vous n’avez pas pris ce quiz